000 00566nam a2200205Ia 4500
005 20250508163916.0
008 008 250505s9999 xx 000 0 eng d
020 _a81-88276-00-6
037 _aTextual
040 _aFEDL
_beng
_cFEDL
041 _aeng
_2eng
084 _a370.954, SIN
_qFEDL
100 _aR. P. Singh
245 0 _aCritique of Indian education (Developing insights)
260 _aDelhi, India
_bRavi Books
_c2002
300 _aviii,318p.
650 _aEducation
942 _cTEXL
_h370.954, SIN
999 _c1385911
_d1385911